National League (Football Conference) Play-Off Finalists - Statistics

General Stats
  • This quiz has been taken 531 times
    188 since last reset
  • The average score is 24 of 34
Answer Stats
Finalists % Correct
Oldham Athletic
94%
Southend United
92%
Wrexham
92%
Notts County
85%
Bromley
83%
Chesterfield
82%
York City
81%
Forest Green Rovers
80%
Luton Town
80%
Carlisle United
78%
Grimsby Town
77%
AFC Wimbledon
75%
Harrogate Town
74%
Tranmere Rovers
73%
Hartlepool United
72%
Solihull Moors
72%
Oxford United
71%
Newport County
70%
Dagenham & Redbridge
69%
Morecambe
69%
Torquay United
69%
Exeter City
68%
Salford City
68%
Bristol Rovers
67%
Doncaster Rovers
67%
Cambridge United
66%
Halifax Town
65%
Hereford United
60%
Aldershot Town
59%
Stevenage Borough
56%
Shrewsbury Town
55%
Boreham Wood
48%
Gateshead
48%
AFC Fylde
40%
No matching quizzes found
Score Distribution
Percent of People with Each Score
Percentile by Number Answered
Your Score History
You have not taken this quiz since the last reset